| 000 | 01525nam a22002537a 4500 | ||
|---|---|---|---|
| 005 | 20170124103205.0 | ||
| 010 | _aB-137483 | ||
| 020 |
_c00.00 _a8180691500 |
||
| 035 | _aB-137483 | ||
| 037 | _bCen Lib/Ret | ||
| 040 |
_aDPL _bHN |
||
| 082 |
_a353.360954 _bजैनसु |
||
| 100 |
_aजैन, सुरेश चन्द्र _947448 |
||
| 245 |
_aपुलिस एवं अदालतों में नागरिक सहभागिता सस्ते-एवं-शीघ्र न्याय के लिये एक प्रशासनिक ढांचा / _cसुरेश चन्द्र जैन |
||
| 246 |
_aPolice ewam adalaton me nagrik sehbhagita saste-ewam-sheeghr nayay ke liye ek prashasnik dhancha / _bby Suresh Chandra Jain |
||
| 260 |
_aनई दिल्ली _bकान्सेप्ट पब्लिशिंग कम्पनी _c2005 |
||
| 270 |
_bनई दिल्ली _aA/15-16, कमर्शियल ब्लाक, मोहन गार्डन _e110059 |
||
| 300 |
_axxiv,450पृ. _c20सेमी(सजिल्द) |
||
| 650 |
_aराजनीतिक मंत्री एवं अधिकारीयों का भ्रष्टाचार _993383 |
||
| 650 |
_aभारत -- न्याय और पुलिस _985128 |
||
| 650 |
_aMinisters and officials of political corruption _993384 |
||
| 650 |
_aIndia - Justice and Police _993385 |
||
| 942 |
_2ddc _cHN _h353.360954 _mजैनसु |
||
| 999 |
_c120917 _d120917 |
||